000 00730nam a2200253 i 4500
001 000041201
003 DO-SdBNP
005 20250909082044.0
007 ta
008 130925s1978 dr 000 0 spa d
040 _aDO-SdBNP
_bspa
_cBNPHU
_erda
041 _aspa
082 _axxxx
_bH831t
_222
100 1 _aHostos, Eugenio María de,
_d1839-1903
_eautor
_91352
245 1 0 _aTratado de moral :
_bobras completas /
_cEugenio María de Hostos.
264 _aSanto Domingo :
_bCosmos,
_c1978.
300 _a464 páginas ;
_c22 cm.
336 _ardacontent
_btexto
_2txt
337 _ardamedia
_bsin mediación
_2n
338 _ardacarrier
_bvolumen
_2nc
590 _aInventariado, 2025/DG
910 _aDG
942 _2ddc
_cLBS1
999 _c40691
_d40691